飲膳札記

資料類型: Book 圖書   書目號:50035

Leader xxxxxxxxxx
001 __ PCLIS00050035
005 __ 20211115091658.0
010 0_ |a978-957-674-192-0|b平裝|dNT$200
010 0_ |a957-674-192-0|b平裝|dNT$200
100 __ |a20160831e20151999m  y0chiy09      e
101 0_ |achi
102 __ |atw
105 __ |ay   z   000cy
200 1_ |a飲膳札記|f林文月著
205 __ |a初版十六印
210 __ |a臺北市|c洪範書店|d1999[民88]|h2015[民104]
215 0_ |a2, 164面|d21公分
225 1_ |a洪範文學叢書|v285
300 __ |a中國散文
300 __ |a附錄: 生活其實可以如此美好
306 __ |a2015年16印
681 __ |a855|b8766
700 _1 |a|b文月|f1933-  |4801 _0 |atw|b內湖高中|c20160831|gCCR
801 _2 |atw|b內湖高中|c20211115|gCCR
  
詳細館藏 1-3 筆 (共 3 筆)
索 書 號登 錄 號冊次號館別 / 館藏地流通類型狀態加入預約清單電子資源
855 / 8766 1023801  圖書館 / 二樓飲食文化專區 可外借30天 在館   
855 / 8766 1023802  圖書館 / 二樓飲食文化專區 可外借30天 在館   
855 / 8766 1023803  圖書館 / 二樓飲食文化專區 可外借30天 借出中(2024/11/7應還) 加入預約清單

  

| 條列資料




目錄查詢 分類查詢 個人資料 圖書薦購 新書查詢 閉館日 排行榜 更多電子資源 Hami書城 線上資料庫 登出

From : 216.73.217.87

  本日流通累計至 19:29:13 借閱 : 1 次 續借 : 0 次 歸還 : 2 次 預約 : 0 次 電子資源 : 0 次


內湖高中圖書館  PCLIS 版本  26.5.0.12